Method of quality function deployment application in an assessment of providing educational services; Молодежь и современные информационные технологии; Т. 2

Dettagli Bibliografici
Parent link:Молодежь и современные информационные технологии: сборник трудов XIII Международной научно-практической конференции студентов, аспирантов и молодых ученых, г. Томск, 9-13 ноября 2015 г./ Национальный исследовательский Томский политехнический университет (ТПУ), Институт кибернетики (ИК) ; под ред. Т. Е. Мамоновой [и др.].— , 2016
Т. 2.— 2016.— [С. 234-235]
Ente Autore: Национальный исследовательский Томский политехнический университет (ТПУ) Институт кибернетики (ИК) Кафедра компьютерных измерительных систем и метрологии (КИСМ)
Altri autori: Khabirova I. S., Zinovyeva E. Y., Bukrina A. V., Stukach O. V. Oleg Vladimirovich
Riassunto:Заглавие с титульного экрана
Lingua:inglese
Pubblicazione: 2016
Serie:Информационные технологии в гуманитарных и медицинских исследованиях
Soggetti:
Accesso online:http://earchive.tpu.ru/handle/11683/17058
Natura: Elettronico Capitolo di libro
KOHA link:https://koha.lib.tpu.ru/cgi-bin/koha/opac-detail.pl?biblionumber=617735

MARC

LEADER 00000naa2a2200000 4500
001 617735
005 20231101132956.0
035 |a (RuTPU)RU\TPU\conf\16048 
035 |a RU\TPU\conf\16046 
090 |a 617735 
100 |a 20160322d2016 k y0engy50 ba 
101 0 |a eng  |g eng 
102 |a RU 
105 |a y z 101zy 
135 |a drcn ---uucaa 
181 0 |a i  
182 0 |a b 
200 1 |a Method of quality function deployment application in an assessment of providing educational services  |f I. S. Khabirova [и др.] 
203 |a Текст  |c электронный 
225 1 |a Информационные технологии в гуманитарных и медицинских исследованиях 
230 |a 1 компьютерный файл (pdf; 256 Кb) 
300 |a Заглавие с титульного экрана 
320 |a [Библиогр.: с. 235 (3 назв.)] 
337 |a Adobe Reader 
461 1 |0 (RuTPU)RU\TPU\conf\15701  |t Молодежь и современные информационные технологии  |o сборник трудов XIII Международной научно-практической конференции студентов, аспирантов и молодых ученых, г. Томск, 9-13 ноября 2015 г.  |o в 2 т.  |f Национальный исследовательский Томский политехнический университет (ТПУ), Институт кибернетики (ИК) ; под ред. Т. Е. Мамоновой [и др.]  |d 2016 
463 0 |0 (RuTPU)RU\TPU\conf\15706  |t Т. 2  |v [С. 234-235]  |d 2016 
610 1 |a труды учёных ТПУ 
610 1 |a электронный ресурс 
610 1 |a приложения 
610 1 |a образовательные услуги 
610 1 |a качество услуг 
701 1 |a Khabirova  |b I. S. 
701 1 |a Zinovyeva  |b E. Y. 
701 1 |a Bukrina  |b A. V. 
701 1 |a Stukach  |b O. V.  |c specialist in the field of informatics and computer technology  |c Professor of Tomsk Polytechnic University, Doctor of technical sciences  |f 1966-  |g Oleg Vladimirovich  |2 stltpush  |3 (RuTPU)RU\TPU\pers\31501 
712 0 2 |a Национальный исследовательский Томский политехнический университет (ТПУ)  |b Институт кибернетики (ИК)  |b Кафедра компьютерных измерительных систем и метрологии (КИСМ)  |h 66  |2 stltpush  |3 (RuTPU)RU\TPU\col\18706 
801 2 |a RU  |b 63413507  |c 20160405  |g RCR 
856 4 |u http://earchive.tpu.ru/handle/11683/17058 
942 |c BK